Eléments de géographie botanique

Đã lưu trong:
Chi tiết về thư mục
Tác giả chính: Polunin, Nicholas (Tác giả)
Định dạng: Sách
Ngôn ngữ:Tiếng Pháp
Được phát hành: París Gauthier Villars 1967
Những chủ đề:
Các nhãn: Thêm thẻ
Không có thẻ, Là người đầu tiên thẻ bản ghi này!

MARC

LEADER 00000nam a2200000 a 4500
001 UCU2949
003 CL-VaPUC
008 960502e19670000FR |||||||||||||||||fre|d
082 0 4 |a 581.9  |b POL  |2 21 
100 0 |a Polunin, Nicholas  |e author  |9 359557 
245 1 0 |a Eléments de géographie botanique 
300 |a 532 p 
942 |c BK 
945 |d 19960502 00:00:00  |a rleighto 
260 |a París  |b Gauthier Villars  |c 1967 
650 7 |a FITOGEOGRAFIA  |2 CL-VaPUC  |9 264646 
650 0 |a Botánica  |9 264202 
650 0 |a Plantas  |9 264555 
650 0 |a Vegetación  |9 264748 
650 7 |a TUNDRA  |2 CL-VaPUC  |9 358235 
650 7 |a SABANAS  |2 CL-VaPUC  |9 357982 
650 0 |a Plancton   |9 261727 
650 0 |a Fisiología vegetal  |9 260158 
650 7 |a HABITAT  |2 CL-VaPUC  |9 267395 
583 |a last modification  |c 19960502 00:00:00  |k Rodrigo Vera 
999 |c 247105  |d 247103 
952 |0 0  |1 0  |4 0  |6 581_900000000000000_POL_1967  |7 0  |8 A  |9 262713  |a BIBCUR  |b BIBCUR  |d 2019-11-19  |i 3197107  |o 581.9 POL 1967  |p 3197107  |r 2025-04-22  |w 2019-11-19  |y BK  |k BCB 
952 |0 0  |1 0  |4 0  |6 581_900000000000000_POL_1967  |7 0  |8 A  |9 262714  |a BIBCUR  |b BIBCUR  |d 2019-11-19  |i 3198308  |o 581.9 POL 1967  |p 3198308  |r 2025-04-22  |w 2019-11-19  |y BK  |k BCB